000 00285nam a22001337a 4500
008 181008b xxu||||| |||| 00| 0 eng d
020 _a9780323040624
041 _aeng
080 _a615
100 _a5
101 _aFAR
245 _aDrug Consult
_cAbernetly,D.R
942 _2udc
_cBK
999 _c48995
_d48995